00741nam a2200181 a 450000100100000000500170001000800410002702000150006804000250008324500820010826000660019030000370025670000300029304900090032395201050033295201050043799900170054200003410720200930070800.0110923s1992 xxu 000 0 spa d a9275320470 aDO-SdBNPbspacBNPHU00aSalud reproductiva en las Américas /cEditores Guillermo López...[et.al]. aWashington :bOrganización Panamericana de la Salud,c1992. a652 p. :bil., gráf. ;c30 cm.1 aLópez, Guillermo959541 aBNPD 001050718MOaGRbGRcCTd2011-09-23iLF1l0o p34107-10r2020-06-25w2020-06-25y1ZNo se presta 001050718MOaGRbGRcHDd2011-09-23iLF1l0o p34108-10r2020-06-25w2020-06-25y1ZNo se presta c33598d33598